Si Te Pillara - Beéle - Estadísticas

Estadísticas generales
  • Esta prueba ha sido intentada 32 veces
  • La puntuación promedio es 131 de 280
Estadísticas de respuestas
Letra % Correcto
a
100%
Ay,
86%
ay,
86%
ay
86%
Pilla,
86%
pillara...
86%
pillara
86%
pillara,
86%
Si
86%
si
86%
te
86%
Te
86%
con
71%
el
71%
se
71%
Y
71%
y
71%
es
57%
hay
57%
la
57%
las
57%
Las
57%
lo
57%
los
57%
que
57%
Que
57%
tu
57%
57%
de
43%
hace
43%
me
43%
Me
43%
mi
43%
no
43%
pillo
43%
pillo...
43%
por
43%
Yo
43%
yo
43%
como
29%
cora
29%
cuando
29%
digo:
29%
digo
29%
en
29%
eso
29%
Eso
29%
están
29%
ganas
29%
para
29%
Porque
29%
porque
29%
un
29%
ve
29%
ya
29%
aguanta
14%
ahí
14%
alguien
14%
antes,
14%
aquí
14%
arrogante,
14%
aunque
14%
bemba
14%
boca
14%
ciegos
14%
creer"
14%
da
14%
decisión
14%
dejarme
14%
desconfiado
14%
destrozado
14%
devuelve
14%
dicen
14%
diciendo...
14%
distante,
14%
Duele
14%
esperanzas
14%
esto
14%
extraño
14%
fallarás
14%
hacen
14%
haces
14%
labios
14%
lado
14%
lloro
14%
más
14%
mientes
14%
moriría
14%
Muchos
14%
nada
14%
nada,
14%
nostalgia
14%
oídos,
14%
ojitos
14%
ojos
14%
otros,
14%
otros
14%
paredes
14%
pasado
14%
Perdí
14%
playa
14%
poco
14%
pronto
14%
real
14%
sentimos
14%
sentir
14%
Siento
14%
siento
14%
solo
14%
tal
14%
También
14%
tanto
14%
terapia"
14%
tienen
14%
toque
14%
tus
14%
tuyo
14%
"ver
14%
verte
14%
vieron
14%
aguarán
0%
asara,
0%
boddy
0%
cayaya,
0%
"Estás
0%
guaya
0%
gyal,
0%
haciendo
0%
loco
0%
marico,
0%
¿oiste?
0%
pero
0%
Recuerdo
0%
sisaya
0%
yeh
0%
No se encontraron pruebas coincidentes
Distribución de puntuación
Porcentaje de gente con cada puntuación
Porcentaje por número respondido
Historial de tus puntuaciones
No has intentado esta prueba.